Deutschland nach Buchstabe - E - Statistiken

Allgemein
  • Dieses Quiz wurde 136 mal gespielt
  • Das Durchschnittsergebnis liegt bei 12 aus 15
Antwortstatistiken
Frage Antwort % Korrekt
Wie heißt die in Deutschland genutzte Währung? Euro
100%
Welcher Fluss fließt durch Hamburg, Magdeburg und Dresden? Elbe
99%
Wie heißt die Landeshauptstadt Thüringens? Erfurt
98%
In welcher Stadt befindet sich die Zeche Zollverein? Essen
96%
Mit welchem Wort beginnt die deutsche Nationalhymne? Einigkeit
95%
An welches Gebirge wird häufig "Vulkan-" vorgesetzt? Eifel
85%
Welcher Fußballverein spielt im ehemaligen Waldstadion und gewann 2022 die Europa League? Eintracht Frankfurt
81%
Welcher Fluss entspringt in Westfalen und mündet bei Emden in die Nordsee? Ems
81%
Wie heißt ein Mittelgebirge an der tschechischen Grenze, dessen bedeutendste Stadt Annaberg-Buchholz ist? Erzgebirge
80%
Welche EU-Institution sitzt in Frankfurt am Main? Europäische Zentralbank
80%
Wer war der zweite Bundeskanzler der Bundesrepublik Deutschland? Erhard
79%
Welchen Vornamen trugen KPD-Politiker Thälmann, Adliger August von Hannover oder Philosoph Bloch? Ernst
73%
In welcher Stadt befindet sich die Wartburg? Eisenach
70%
Zu welcher Stilrichtung gehörten Paul Klee, Ernst Ludwig Kirchner und Paula Modersohn-Becker? Expressionismus
51%
Welches Gebirge wird häufig als Sächsische Schweiz bezeichnet? Elbsandsteingebirge
41%
Keine übereinstimmenden Quizze gefunden
Verteilung der Resultate
Anzahl Personen mit jedem Resultat
Perzentil nach korrekt beantworteten Fragen
Ihre Resultats-Entwicklung
Sie haben dieses Quiz noch nicht gespielt